[Event "FIDE World Youth U16 Chess Olympiad SLOVAKIA 2016"]
[Site "Poprad Tatry SLOVAKIA"]
[Date "2016.07.27"]
[Round "6"]
[Board "1"]
[White "Havasi, Gergo"]
[Black "Nikitenko, Mihail"]
[Result "0-1"]
[WhiteElo "2372"]
[BlackElo "2364"]
[PlyCount "128"]
[EventDate "2016.07.22"]
[EventType "team"]
[EventRounds "9"]
[EventCountry "SVK"]
[WhiteTeam "Hungary 1"]
[BlackTeam "Belarus"]

1. e4 e5 2. Nf3 Nc6 3. Bb5 a6 4. Ba4 Nf6 5. O-O Be7 6. d3 b5 7. Bb3 d6 8. a4
Bd7 9. c3 O-O 10. Nbd2 Na5 11. Bc2 c5 12. Re1 Re8 13. Nf1 h6 14. Ne3 Bf8 15. h3
g6 16. Nh2 Rb8 17. axb5 axb5 18. Qf3 Bg7 19. Neg4 Nxg4 20. Nxg4 Bxg4 21. hxg4
c4 22. Rd1 Nb7 23. b4 Qc7 24. dxc4 Qxc4 25. Rd5 Ra8 26. Rb1 Rec8 27. Bd2 Nd8
28. Bb3 Qc6 29. Qd3 Ne6 30. Qxb5 Qc7 31. g3 Bf6 32. Qd3 Be7 33. Rb5 Bg5 34. Be1
Qd7 35. Rxe5 Nc7 36. Bd1 Bf6 37. Ra5 Rxa5 38. bxa5 Ne6 39. Qe3 Nc5 40. Bf3 Qa4
41. Qxh6 Qxa5 42. Qd2 Be5 43. Kg2 Na4 44. Qa2 Qa8 45. Ra1 Nb6 46. Qb2 Qc6 47.
Ra6 Rb8 48. Ra3 Nd7 49. Rb3 Rxb3 50. Qxb3 Nc5 51. Qc4 Qb6 52. Qd5 Qb1 53. Bd2
Nd3 54. Be2 Nc5 55. f3 Bxg3 56. Bc4 Ne6 57. Qa8+ Kg7 58. Bxe6 Qb6 59. Kxg3 Qg1+
60. Kf4 g5+ 61. Kxg5 Qh2 62. e5 Qxe5+ 63. Kh4 Qh2+ 64. Kg5 f6+ 0-1

[Event "FIDE World Youth U16 Chess Olympiad SLOVAKIA 2016"]
[Site "Poprad Tatry SLOVAKIA"]
[Date "2016.07.27"]
[Round "6"]
[Board "2"]
[White "Zarubitski, Viachaslau"]
[Black "Kozak, Adam"]
[Result "1-0"]
[WhiteElo "2289"]
[BlackElo "2364"]
[PlyCount "93"]
[EventDate "2016.07.22"]
[EventType "team"]
[EventRounds "9"]
[EventCountry "SVK"]
[WhiteTeam "Belarus"]
[BlackTeam "Hungary 1"]

1. e4 e5 2. Nf3 Nc6 3. Bb5 a6 4. Ba4 Nf6 5. O-O Be7 6. Re1 b5 7. Bb3 d6 8. c3
O-O 9. h3 Na5 10. Bc2 c5 11. d4 Nd7 12. Nbd2 exd4 13. cxd4 Nc6 14. Nb3 c4 15.
Nbd2 Bf6 16. Nf1 g6 17. Bf4 Nb6 18. Qd2 Re8 19. Rad1 Bb7 20. Bg3 Bg7 21. Qf4
Nb4 22. Bb1 Na4 23. Rd2 c3 24. bxc3 Nxc3 25. Qxd6 Qa5 26. Ng5 Rad8 27. Qc5 Rc8
28. Qa7 Re7 29. d5 Qd8 30. d6 Rd7 31. Qe3 Nxb1 32. Rxb1 Rc3 33. Qe2 Rc4 34. Ne3
Bxe4 35. Nxc4 Bxb1 36. Nb6 Rb7 37. d7 Bf8 38. Qe8 Rxd7 39. Qxd8 Rxd8 40. Rxd8
Kg7 41. Be5+ f6 42. Rd7+ Kg8 43. Bxf6 h6 44. Nh7 Bf5 45. Rd8 Kxh7 46. Rxf8 g5
47. Be7 1-0

[Event "FIDE World Youth U16 Chess Olympiad SLOVAKIA 2016"]
[Site "Poprad Tatry SLOVAKIA"]
[Date "2016.07.27"]
[Round "6"]
[Board "3"]
[White "Marjanovics, Annamaria"]
[Black "Ivannikau, Maksim"]
[Result "1/2-1/2"]
[WhiteElo "2366"]
[BlackElo "2168"]
[PlyCount "88"]
[EventDate "2016.07.22"]
[EventType "team"]
[EventRounds "9"]
[EventCountry "SVK"]
[WhiteTeam "Hungary 1"]
[BlackTeam "Belarus"]

1. d4 Nf6 2. c4 g6 3. Nc3 Bg7 4. e4 O-O 5. Be2 d6 6. Bg5 h6 7. Be3 e5 8. d5 Na6
9. h4 Nc5 10. Bxc5 dxc5 11. h5 g5 12. g4 Bd7 13. f3 Ne8 14. Nh3 Nd6 15. Nf2 Qf6
16. Nd3 Nxc4 17. Nxc5 Nb6 18. Qd2 Rfb8 19. d6 c6 20. Nxd7 Nxd7 21. Nd1 Nc5 22.
Ne3 Ne6 23. Nf5 Nd4 24. O-O-O Rd8 25. Bc4 Nxf5 26. gxf5 Bf8 27. d7 Bc5 28. Qe2
b5 29. Bb3 a5 30. a3 a4 31. Ba2 Ra7 32. Qd3 Bd4 33. Kb1 Raxd7 34. Qc2 Qd6 35.
Rd3 Rb8 36. Rh2 Rdb7 37. Re2 Ra7 38. f4 gxf4 39. Rg2+ Kf8 40. Qe2 b4 41. axb4
Rab7 42. Qg4 Ke7 43. Bxf7 Rxb4 44. b3 Qf6 1/2-1/2

[Event "FIDE World Youth U16 Chess Olympiad SLOVAKIA 2016"]
[Site "Poprad Tatry SLOVAKIA"]
[Date "2016.07.27"]
[Round "6"]
[Board "4"]
[White "Badelka, Olga"]
[Black "Czupor, Attila"]
[Result "0-1"]
[WhiteElo "2175"]
[BlackElo "2275"]
[PlyCount "116"]
[EventDate "2016.07.22"]
[EventType "team"]
[EventRounds "9"]
[EventCountry "SVK"]
[WhiteTeam "Belarus"]
[BlackTeam "Hungary 1"]

1. d4 d5 2. c4 c6 3. Nf3 Nf6 4. e3 e6 5. Nbd2 Nbd7 6. Bd3 Bd6 7. e4 e5 8. cxd5
cxd5 9. exd5 O-O 10. O-O exd4 11. Nxd4 Ne5 12. Nc4 Nxc4 13. Bxc4 Qc7 14. Be2
Bxh2+ 15. Kh1 Be5 16. Nb5 Qd8 17. f4 Bb8 18. Bf3 a6 19. Nc3 Nh5 20. Qe1 Nxf4
21. Bxf4 Bxf4 22. g3 Re8 23. Qf2 Be3 24. Qh2 Bf5 25. Rad1 Qd6 26. g4 Bf4 27.
Qh3 Bg6 28. Bg2 Re3 29. Rf3 Rae8 30. Rxe3 Rxe3 31. Qh4 Bc2 32. Rf1 g5 33. Qh5
Bg6 34. Qh6 Qe5 35. d6 Rd3 36. Bxb7 Qxd6 37. Bg2 Rd2 38. Qh3 Rxb2 39. Nd5 Be5
40. Qf3 Rxa2 41. Ne3 Ra1 42. Nc4 Rxf1+ 43. Qxf1 Qc7 44. Ne3 Bf4 45. Nc4 Qd7 46.
Qe2 Qe6 47. Qxe6 fxe6 48. Bb7 Bd3 49. Bxa6 e5 50. Bb5 Be2 51. Nd6 Bxg4 52. Kg2
Be6 53. Bd3 h5 54. Bg6 h4 55. Nf5 Bd5+ 56. Kh3 Bf3 57. Nd6 g4+ 58. Kxh4 g3 0-1

[Event "FIDE World Youth U16 Chess Olympiad SLOVAKIA 2016"]
[Site "Poprad Tatry SLOVAKIA"]
[Date "2016.07.27"]
[Round "6"]
[Board "1"]
[White "Djordjevic, Vuk"]
[Black "Liu, Yan"]
[Result "1/2-1/2"]
[WhiteElo "2415"]
[BlackElo "2402"]
[PlyCount "98"]
[EventDate "2016.07.22"]
[EventType "team"]
[EventRounds "9"]
[EventCountry "SVK"]
[WhiteTeam "Serbia"]
[BlackTeam "China 1"]

1. d4 Nf6 2. Bg5 e6 3. e4 h6 4. Bxf6 Qxf6 5. Nf3 d6 6. Nc3 Nd7 7. Qd2 c6 8.
O-O-O Qd8 9. h4 Be7 10. g4 Qc7 11. g5 h5 12. Bh3 g6 13. Ne1 d5 14. Nd3 dxe4 15.
Nxe4 b6 16. Ne5 Nxe5 17. dxe5 Qxe5 18. Rhe1 Qc7 19. Nf6+ Bxf6 20. gxf6 Bd7 21.
Re3 O-O-O 22. Rd3 c5 23. Bg2 c4 24. Rd4 e5 25. Rd6 Bg4 26. Bb7+ Kxb7 27. Qd5+
Ka6 28. Rxd8 Rxd8 29. Qxd8 Qc5 30. Rd2 Bf5 31. Qd5 c3 32. bxc3 Qxc3 33. Qb3
Qa1+ 34. Qb1 Qc3 35. Qb3 Qa1+ 36. Qb1 Qc3 37. Qb2 Qc5 38. Re2 Qc4 39. Qa3+ Kb7
40. Rd2 Be6 41. Qf3+ Kc7 42. Qe3 e4 43. Rd4 Qxa2 44. Rxe4 Qa1+ 45. Kd2 Qxf6 46.
Rf4 Qe7 47. Rd4 Qc5 48. Qf4+ Kb7 49. Qf3+ Qc6 1/2-1/2

[Event "FIDE World Youth U16 Chess Olympiad SLOVAKIA 2016"]
[Site "Poprad Tatry SLOVAKIA"]
[Date "2016.07.27"]
[Round "6"]
[Board "2"]
[White "Chen, Qi B"]
[Black "Ivic, Velimir"]
[Result "1-0"]
[WhiteElo "2210"]
[BlackElo "2315"]
[PlyCount "55"]
[EventDate "2016.07.22"]
[EventType "team"]
[EventRounds "9"]
[EventCountry "SVK"]
[WhiteTeam "China 1"]
[BlackTeam "Serbia"]

1. e4 c5 2. Nf3 d6 3. d4 cxd4 4. Nxd4 Nf6 5. Nc3 e6 6. Be2 Be7 7. Be3 a6 8. O-O
O-O 9. f4 Nc6 10. Kh1 Bd7 11. Qe1 b5 12. a3 Qb8 13. Rd1 Nxd4 14. Bxd4 Bc6 15.
Qg3 Qb7 16. Bd3 g6 17. f5 b4 18. axb4 Qxb4 19. Be2 e5 20. Be3 Kh8 21. Bg5 Bd8
22. fxg6 fxg6 23. Qh4 Qxb2 24. Rxf6 Bxf6 25. Bxf6+ Kg8 26. Bc4+ Rf7 27. Bxf7+
Kxf7 28. Qxh7+ 1-0

[Event "FIDE World Youth U16 Chess Olympiad SLOVAKIA 2016"]
[Site "Poprad Tatry SLOVAKIA"]
[Date "2016.07.27"]
[Round "6"]
[Board "3"]
[White "Injac, Teodora"]
[Black "Wang, Shiwu"]
[Result "1/2-1/2"]
[WhiteElo "2215"]
[BlackElo "2013"]
[PlyCount "80"]
[EventDate "2016.07.22"]
[EventType "team"]
[EventRounds "9"]
[EventCountry "SVK"]
[WhiteTeam "Serbia"]
[BlackTeam "China 1"]

1. Nf3 d5 2. c4 c6 3. d4 Nf6 4. Nbd2 e6 5. e3 Be7 6. Bd3 Nbd7 7. O-O O-O 8. e4
dxe4 9. Nxe4 Qc7 10. Qe2 b6 11. Ng3 Bb7 12. b3 Rfe8 13. Bb2 c5 14. Rad1 Rad8
15. Bb1 Nf8 16. dxc5 Qxc5 17. Ne4 Nxe4 18. Bxe4 Qc7 19. Qe3 Ng6 20. Bxb7 Qxb7
21. h3 Qc7 22. Qe4 Rxd1 23. Rxd1 Rd8 24. Rxd8+ Qxd8 25. Qd4 Qxd4 26. Nxd4 Bf6
27. Bc3 Nf4 28. Kf1 Nd3 29. Nb5 Bxc3 30. Nxc3 Kf8 31. Ke2 Nb4 32. Kd2 Ke7 33.
a3 Nc6 34. Kd3 Kd6 35. f4 f5 36. Nb5+ Kd7 37. b4 g6 38. Nd4 e5 39. Nxc6 e4+ 40.
Kd4 Kxc6 1/2-1/2

[Event "FIDE World Youth U16 Chess Olympiad SLOVAKIA 2016"]
[Site "Poprad Tatry SLOVAKIA"]
[Date "2016.07.27"]
[Round "6"]
[Board "4"]
[White "Song, Yuxin"]
[Black "Omorjan, Dejan"]
[Result "0-1"]
[WhiteElo "1727"]
[BlackElo "2201"]
[PlyCount "108"]
[EventDate "2016.07.22"]
[EventType "team"]
[EventRounds "9"]
[EventCountry "SVK"]
[WhiteTeam "China 1"]
[BlackTeam "Serbia"]

1. e4 c5 2. Nf3 d6 3. d4 cxd4 4. Nxd4 Nf6 5. Nc3 a6 6. Be2 e5 7. Nb3 Be7 8. Be3
O-O 9. O-O Nbd7 10. a4 b6 11. f4 Bb7 12. Bf3 Qc7 13. f5 Rfd8 14. g4 Nc5 15.
Nxc5 dxc5 16. Qe2 c4 17. g5 Ne8 18. Qf2 Rd4 19. Nd5 Bxd5 20. exd5 Rd8 21. Kh1
Bc5 22. Qg3 Rf4 23. Bxf4 exf4 24. Qg4 Qe5 25. Rfe1 Be3 26. c3 Nd6 27. g6 Nxf5
28. gxf7+ Kxf7 29. Rad1 Rd6 30. Bg2 Rg6 31. Rxe3 Nxe3 32. Qd7+ Qe7 33. Qxe7+
Kxe7 34. Re1 Rxg2 35. Rxe3+ fxe3 36. Kxg2 Kd6 37. Kf3 Kxd5 38. Kxe3 g5 39. h3
h5 40. Kf3 Ke5 41. Ke3 g4 42. hxg4 hxg4 43. Kf2 Kf4 44. Kg2 g3 45. Kg1 Kf3 46.
Kf1 g2+ 47. Kg1 a5 48. b4 cxb3 49. Kh2 Kf2 50. Kh3 g1=R 51. c4 b2 52. c5 bxc5
53. Kh4 b1=Q 54. Kh5 Qh7# 0-1

[Event "FIDE World Youth U16 Chess Olympiad SLOVAKIA 2016"]
[Site "Poprad Tatry SLOVAKIA"]
[Date "2016.07.27"]
[Round "6"]
[Board "1"]
[White "Martirosyan, Haik M."]
[Black "Gorcsi, Gabor"]
[Result "1-0"]
[WhiteElo "2450"]
[BlackElo "2263"]
[PlyCount "73"]
[EventDate "2016.07.22"]
[EventType "team"]
[EventRounds "9"]
[EventCountry "SVK"]
[WhiteTeam "Armenia"]
[BlackTeam "Hungary 2"]

1. d4 Nf6 2. c4 g6 3. Nf3 Bg7 4. g3 O-O 5. Bg2 d6 6. O-O Nbd7 7. Nc3 c6 8. e4
e5 9. h3 Re8 10. Re1 exd4 11. Nxd4 Qb6 12. Re2 Ne5 13. b3 a6 14. Be3 Qa5 15.
Rc2 c5 16. Nde2 Qc7 17. f4 Nc6 18. Bf2 b6 19. Rd2 Bf8 20. g4 Bb7 21. g5 Nd7 22.
h4 Rad8 23. h5 Nd4 24. h6 Nxe2+ 25. Qxe2 f6 26. Bh4 fxg5 27. Bxg5 Be7 28. Bxe7
Rxe7 29. Rad1 Rf8 30. Qe3 Rf6 31. e5 dxe5 32. Bxb7 Qxb7 33. Nd5 Rff7 34. Nxe7+
Rxe7 35. Rd6 e4 36. R1d5 Kf7 37. f5 1-0

[Event "FIDE World Youth U16 Chess Olympiad SLOVAKIA 2016"]
[Site "Poprad Tatry SLOVAKIA"]
[Date "2016.07.27"]
[Round "6"]
[Board "2"]
[White "Bohus, Adam"]
[Black "Hakobyan, Aram"]
[Result "0-1"]
[WhiteElo "2200"]
[BlackElo "2382"]
[PlyCount "118"]
[EventDate "2016.07.22"]
[EventType "team"]
[EventRounds "9"]
[EventCountry "SVK"]
[WhiteTeam "Hungary 2"]
[BlackTeam "Armenia"]

1. d4 Nf6 2. c4 e6 3. Nf3 b6 4. g3 Bb7 5. Bg2 Bb4+ 6. Nbd2 Be7 7. O-O c5 8. b3
cxd4 9. Nxd4 Bxg2 10. Kxg2 a6 11. Bb2 Qc8 12. e4 d6 13. Qe2 O-O 14. Rad1 Nbd7
15. Kg1 Qb7 16. Rfe1 Nc5 17. f4 Rfd8 18. Qf3 Rac8 19. e5 dxe5 20. fxe5 Qxf3 21.
N2xf3 Nfd7 22. Kg2 Kf8 23. Re2 Ke8 24. Bc1 h6 25. g4 Nb8 26. g5 hxg5 27. Bxg5
Rd7 28. Bxe7 Kxe7 29. Red2 Rcd8 30. Ng5 f6 31. exf6+ gxf6 32. Ngf3 Ne4 33. Rd3
Nc5 34. R3d2 a5 35. Nb5 Nd3 36. Nfd4 Nc5 37. Nf3 Rxd2+ 38. Rxd2 Rxd2+ 39. Nxd2
Nc6 40. h4 f5 41. Kg3 Kf6 42. Nd6 e5 43. h5 Nd4 44. Nf3 Nxf3 45. Kxf3 e4+ 46.
Kf4 Ne6+ 47. Ke3 Ng5 48. Nc8 Ke5 49. Nxb6 f4+ 50. Ke2 Kd4 51. Nd5 f3+ 52. Kf2
Nh3+ 53. Kg3 f2 54. Kg2 e3 55. Kf1 Kd3 56. Nxe3 Kxe3 57. h6 Ng5 58. c5 Ne4 59.
h7 Nd2+ 0-1

[Event "FIDE World Youth U16 Chess Olympiad SLOVAKIA 2016"]
[Site "Poprad Tatry SLOVAKIA"]
[Date "2016.07.27"]
[Round "6"]
[Board "3"]
[White "Sargsyan, Shant"]
[Black "Pribelszky, Bence"]
[Result "1-0"]
[WhiteElo "2431"]
[BlackElo "2162"]
[PlyCount "65"]
[EventDate "2016.07.22"]
[EventType "team"]
[EventRounds "9"]
[EventCountry "SVK"]
[WhiteTeam "Armenia"]
[BlackTeam "Hungary 2"]

1. d4 Nf6 2. c4 e6 3. Nf3 Bb4+ 4. Nbd2 b6 5. a3 Bxd2+ 6. Bxd2 Bb7 7. Bg5 h6 8.
Bh4 d6 9. e3 Nbd7 10. Be2 g5 11. Bg3 Ne4 12. Qc2 h5 13. h4 Nxg3 14. fxg3 g4 15.
Ng5 Qe7 16. O-O f5 17. e4 O-O-O 18. Bd3 fxe4 19. Bxe4 Nf6 20. Bxb7+ Kxb7 21.
Rae1 e5 22. Qf5 Rdf8 23. dxe5 dxe5 24. Ne6 Rf7 25. Qxe5 Qd6 26. Qxd6 cxd6 27.
Ng5 Rff8 28. Re7+ Kb8 29. Rf7 Rxf7 30. Nxf7 Rf8 31. Rxf6 Kc7 32. Nxd6 Rxf6 33.
Ne8+ 1-0

[Event "FIDE World Youth U16 Chess Olympiad SLOVAKIA 2016"]
[Site "Poprad Tatry SLOVAKIA"]
[Date "2016.07.27"]
[Round "6"]
[Board "4"]
[White "Kovacs, Judit"]
[Black "Grigoryan, Arpine"]
[Result "0-1"]
[WhiteElo "2114"]
[BlackElo "1894"]
[PlyCount "104"]
[EventDate "2016.07.22"]
[EventType "team"]
[EventRounds "9"]
[EventCountry "SVK"]
[WhiteTeam "Hungary 2"]
[BlackTeam "Armenia"]

1. Nf3 Nf6 2. c4 e6 3. g3 b6 4. Bg2 Bb7 5. O-O c5 6. Nc3 Be7 7. d4 cxd4 8. Qxd4
d6 9. b3 O-O 10. Ba3 Qc8 11. Rfd1 Rd8 12. Qe3 Na6 13. Rac1 Nc5 14. Nd5 exd5 15.
Qxe7 dxc4 16. Bxc5 bxc5 17. Qe3 cxb3 18. Qxb3 Rb8 19. Qa4 Bd5 20. Rd2 Qc7 21.
Qf4 a5 22. Qg5 h6 23. Qe3 Rb4 24. Rcd1 Re8 25. Qa3 c4 26. Rxd5 Nxd5 27. Rxd5
Rb1+ 28. Bf1 c3 29. Qa4 Reb8 30. Nd4 R8b4 31. Qe8+ Kh7 32. Nc2 R4b2 33. Qe4+ g6
34. Rd4 Rc1 35. Rc4 Qb7 36. Qxb7 Rxb7 37. Ne3 Rbb1 38. Kg2 d5 39. Nxd5 Rxf1 40.
Rxc3 Rfe1 41. Ra3 Rb5 42. Nc3 Rc5 43. e3 Rc1 44. Ne4 Rb5 45. Nd6 Rd5 46. Nb7
Rc2 47. Rxa5 Rdd2 48. a4 Rxf2+ 49. Kh3 h5 50. Kh4 Rxh2+ 51. Kg5 Rcf2 52. Ra6
Rf5# 0-1

[Event "FIDE World Youth U16 Chess Olympiad SLOVAKIA 2016"]
[Site "Poprad Tatry SLOVAKIA"]
[Date "2016.07.27"]
[Round "6"]
[Board "1"]
[White "Mesaros, Florian"]
[Black "Raghunandan, Kaumandur Srihari"]
[Result "1/2-1/2"]
[WhiteElo "2324"]
[BlackElo "2403"]
[PlyCount "113"]
[EventDate "2016.07.22"]
[EventType "team"]
[EventRounds "9"]
[EventCountry "SVK"]
[WhiteTeam "Austria"]
[BlackTeam "India"]

1. d4 Nf6 2. Nf3 g6 3. c4 Bg7 4. Nc3 O-O 5. e4 d6 6. Be2 e5 7. O-O Nc6 8. dxe5
dxe5 9. Bg5 Nd4 10. Nxe5 Ne6 11. Bh4 Qxd1 12. Raxd1 Nxe4 13. Nxe4 Bxe5 14. Be7
Re8 15. Nf6+ Bxf6 16. Bxf6 Nc5 17. Bf3 Bf5 18. Rd5 Nd7 19. Bc3 Nb6 20. Rdd1 c6
21. c5 Nd7 22. g4 Be6 23. b4 Rad8 24. Rfe1 f5 25. gxf5 Bxf5 26. b5 Nxc5 27.
Rxd8 Rxd8 28. bxc6 bxc6 29. Bxc6 Nd3 30. Re8+ Rxe8 31. Bxe8 Nc1 32. Bd2 Nxa2
33. Bb5 Be6 34. Ba6 Kf7 35. Kf1 Ke7 36. Ke2 Kd6 37. Kd3 Kc5 38. Be3+ Kc6 39.
Bd2 Kc5 40. Be3+ Kc6 41. Bd2 Kb6 42. Bc4 Bxc4+ 43. Kxc4 a5 44. Kb3 Nb4 45. Bxb4
axb4 46. Kxb4 Kc6 47. Kc4 Kd6 48. Kd4 Ke6 49. Ke4 Kf6 50. Kf4 h6 51. h4 Ke6 52.
Ke4 Kf6 53. Kf4 g5+ 54. hxg5+ hxg5+ 55. Kg4 Kg6 56. f4 gxf4 57. Kxf4 1/2-1/2

[Event "FIDE World Youth U16 Chess Olympiad SLOVAKIA 2016"]
[Site "Poprad Tatry SLOVAKIA"]
[Date "2016.07.27"]
[Round "6"]
[Board "2"]
[White "Iniyan, P"]
[Black "Horvath, Dominik"]
[Result "0-1"]
[WhiteElo "2346"]
[BlackElo "2216"]
[PlyCount "90"]
[EventDate "2016.07.22"]
[EventType "team"]
[EventRounds "9"]
[EventCountry "SVK"]
[WhiteTeam "India"]
[BlackTeam "Austria"]

1. d4 Nf6 2. c4 g6 3. Nc3 Bg7 4. e4 d6 5. f3 O-O 6. Be3 Nc6 7. Nge2 a6 8. Qd2
Rb8 9. d5 Ne5 10. Nd4 c5 11. Nc2 e6 12. dxe6 Bxe6 13. b3 Qa5 14. Nb1 Qxd2+ 15.
Nxd2 b5 16. Na3 bxc4 17. Ndxc4 Nxc4 18. Bxc4 Ng4 19. fxg4 Bxa1 20. Bxe6 fxe6
21. Ke2 Bd4 22. Rd1 Bxe3 23. Kxe3 Rbd8 24. Nc4 d5 25. Ne5 d4+ 26. Kd3 Rf2 27.
Rc1 Rxa2 28. Rxc5 Rb2 29. Rc7 Rxb3+ 30. Kd2 Rf8 31. Nf3 Rb2+ 32. Kd3 Rxg2 33.
Nxd4 e5 34. Nc6 Re8 35. Ne7+ Kg7 36. h3 Kf6 37. Nd5+ Kg5 38. Rxh7 Rg3+ 39. Kc4
Rc8+ 40. Kb4 Rd3 41. Ka5 Rb8 42. Nb6 Ra3+ 43. Kb4 Ra1 44. Kc5 Rc1+ 45. Nc4 Rc8+
 0-1

[Event "FIDE World Youth U16 Chess Olympiad SLOVAKIA 2016"]
[Site "Poprad Tatry SLOVAKIA"]
[Date "2016.07.27"]
[Round "6"]
[Board "3"]
[White "Blohberger, Felix"]
[Black "Nitish, Belurkar"]
[Result "1/2-1/2"]
[WhiteElo "2284"]
[BlackElo "2275"]
[PlyCount "90"]
[EventDate "2016.07.22"]
[EventType "team"]
[EventRounds "9"]
[EventCountry "SVK"]
[WhiteTeam "Austria"]
[BlackTeam "India"]

1. Nf3 d6 2. d4 Bg4 3. c4 Nd7 4. Bg5 Ngf6 5. e3 c6 6. Nc3 Qa5 7. Bh4 e5 8. Be2
Be7 9. h3 Bh5 10. O-O O-O 11. a3 Rfe8 12. b4 Qc7 13. Qb3 Rad8 14. Bg3 Bf8 15.
Rfd1 h6 16. Ra2 Qc8 17. Rad2 e4 18. Ne1 Bxe2 19. Nxe2 d5 20. c5 g5 21. b5 Nh5
22. Bh2 f5 23. Rb1 Ndf6 24. Nc2 Qe6 25. Qa4 Rd7 26. bxc6 bxc6 27. Qa6 Rg7 28.
Rb7 Ree7 29. Rxe7 Bxe7 30. Nb4 f4 31. Qxc6 Qf5 32. Nc3 g4 33. Nbxd5 gxh3 34. f3
fxe3 35. Nxe3 Qxf3 36. Qc8+ Bf8 37. Re2 hxg2 38. Qf5 Ng4 39. Qxh5 Rg5 40. Qh4
Nxe3 41. Rf2 Nf5 42. Rxf3 Nxh4 43. Rg3 Nf3+ 44. Kxg2 Nxd4 45. Rxg5+ hxg5
 1/2-1/2

[Event "FIDE World Youth U16 Chess Olympiad SLOVAKIA 2016"]
[Site "Poprad Tatry SLOVAKIA"]
[Date "2016.07.27"]
[Round "6"]
[Board "4"]
[White "Mitrabha, Guha"]
[Black "Schloffer, Jasmin-Denise"]
[Result "1-0"]
[WhiteElo "2227"]
[BlackElo "2005"]
[PlyCount "105"]
[EventDate "2016.07.22"]
[EventType "team"]
[EventRounds "9"]
[EventCountry "SVK"]
[WhiteTeam "India"]
[BlackTeam "Austria"]

1. d4 Nf6 2. c4 e6 3. Nf3 b6 4. g3 Ba6 5. b3 Bb7 6. Bg2 Bb4+ 7. Bd2 a5 8. O-O
O-O 9. Nc3 d6 10. a3 Bxc3 11. Bxc3 Nbd7 12. Qc2 Be4 13. Qb2 c6 14. Bd2 h6 15.
Bf4 Qe7 16. b4 Nh5 17. Bd2 Rfb8 18. Rfe1 Nhf6 19. h3 Nf8 20. Bc3 N8d7 21. Rec1
Ra7 22. Bd2 Raa8 23. Bf4 Nh5 24. Qd2 Nxf4 25. Qxf4 Nf6 26. Qe3 Qb7 27. Qc3 Rc8
28. Qd2 Rcb8 29. Qf4 Qd7 30. c5 bxc5 31. bxc5 d5 32. Ne5 Qc7 33. Bxe4 Nxe4 34.
Rab1 g5 35. Qe3 Rb7 36. Kg2 Rab8 37. Rxb7 Rxb7 38. f3 Nxg3 39. Kxg3 f6 40. Qd3
fxe5 41. Qg6+ Qg7 42. Qxe6+ Kh7 43. Qxc6 Qf7 44. dxe5 Qf4+ 45. Kg2 Rb2 46. Qd7+
Kh8 47. Qd8+ Kh7 48. Qe7+ Kg8 49. Re1 Qh4 50. Qe6+ Kh7 51. Qf7+ Kh8 52. Qf6+
Kh7 53. e6 1-0

[Event "FIDE World Youth U16 Chess Olympiad SLOVAKIA 2016"]
[Site "Poprad Tatry SLOVAKIA"]
[Date "2016.07.27"]
[Round "6"]
[Board "1"]
[White "Gorodetzky, David"]
[Black "Bashirli, Nail"]
[Result "1-0"]
[WhiteElo "2331"]
[BlackElo "2414"]
[PlyCount "79"]
[EventDate "2016.07.22"]
[EventType "team"]
[EventRounds "9"]
[EventCountry "SVK"]
[WhiteTeam "Israel Rehovot Chess School"]
[BlackTeam "Azerbaijan"]

1. e4 c5 2. c3 Nf6 3. e5 Nd5 4. Nf3 d6 5. d4 cxd4 6. Bc4 dxe5 7. Nxe5 e6 8.
cxd4 Nc6 9. O-O Be7 10. Nf3 O-O 11. Nc3 Nf6 12. a3 a6 13. Ba2 Qa5 14. Be3 Rd8
15. Qe2 Qh5 16. Qc2 b5 17. Ne2 Bb7 18. Nf4 Qf5 19. Qxf5 exf5 20. Rfe1 Bd6 21.
Nd3 Ne4 22. Nc5 Nxc5 23. dxc5 Be7 24. Bg5 Bf6 25. Bxf6 gxf6 26. Rad1 Ne5 27.
Nxe5 fxe5 28. f3 e4 29. Kf2 a5 30. Bb3 a4 31. Rxd8+ Rxd8 32. Rd1 Re8 33. Bd5
e3+ 34. Ke1 Bc8 35. Bc6 Rf8 36. Bxb5 Be6 37. Bxa4 Rb8 38. b4 Ra8 39. Bd7 Bc4
40. Rc1 1-0

[Event "FIDE World Youth U16 Chess Olympiad SLOVAKIA 2016"]
[Site "Poprad Tatry SLOVAKIA"]
[Date "2016.07.27"]
[Round "6"]
[Board "2"]
[White "Mammadzada, Gunay"]
[Black "Zlatin, Alexander"]
[Result "0-1"]
[WhiteElo "2353"]
[BlackElo "2146"]
[PlyCount "104"]
[EventDate "2016.07.22"]
[EventType "team"]
[EventRounds "9"]
[EventCountry "SVK"]
[WhiteTeam "Azerbaijan"]
[BlackTeam "Israel Rehovot Chess School"]

1. e4 e5 2. Nf3 Nc6 3. Bb5 a6 4. Ba4 Nf6 5. O-O b5 6. Bb3 Bc5 7. c3 d6 8. d4
Bb6 9. Be3 O-O 10. Nbd2 h6 11. h3 Re8 12. Re1 exd4 13. cxd4 Na5 14. Bc2 Bb7 15.
Qb1 Rb8 16. b3 Ba8 17. a3 c5 18. d5 Nd7 19. Nf1 Ne5 20. N3d2 c4 21. Bxb6 Rxb6
22. b4 c3 23. Nb3 Nac4 24. Qd1 Qg5 25. g3 Nb2 26. Qe2 Qf6 27. f4 Nec4 28. Qf2
Rbb8 29. Ne3 Nxe3 30. Rxe3 Nc4 31. Re2 Re7 32. Bd3 Nb2 33. Qf3 Rbe8 34. Rae1 g6
35. Kf2 h5 36. Re3 Bxd5 37. Bc2 Bxb3 38. Bxb3 Qd4 39. Kg2 Rc7 40. f5 Kg7 41.
R1e2 Qe5 42. Rc2 Rec8 43. Qe2 Kh6 44. Rf3 Qd4 45. Bd5 Re7 46. f6 Rec7 47. g4
Re8 48. Qf1 Nd1 49. Kh1 Nb2 50. Rf5 Rxe4 51. g5+ Kh7 52. Qf3 Re1+ 0-1

[Event "FIDE World Youth U16 Chess Olympiad SLOVAKIA 2016"]
[Site "Poprad Tatry SLOVAKIA"]
[Date "2016.07.27"]
[Round "6"]
[Board "3"]
[White "Parkhov, Yair"]
[Black "Asadli, Vugar"]
[Result "1/2-1/2"]
[WhiteElo "2162"]
[BlackElo "2411"]
[PlyCount "61"]
[EventDate "2016.07.22"]
[EventType "team"]
[EventRounds "9"]
[EventCountry "SVK"]
[WhiteTeam "Israel Rehovot Chess School"]
[BlackTeam "Azerbaijan"]

1. d4 g6 2. c4 Bg7 3. e4 d6 4. Nc3 Nc6 5. Be3 Nf6 6. d5 Ne5 7. h3 O-O 8. Nf3
Nxf3+ 9. Qxf3 c6 10. Bd3 Nd7 11. Bc2 Qa5 12. Bd2 Ne5 13. Qe2 Qc5 14. Bb3 b5 15.
cxb5 cxb5 16. Be3 Qb4 17. Qxb5 a5 18. Qxb4 axb4 19. Nb5 Bd7 20. Nd4 Nd3+ 21.
Ke2 Nxb2 22. Rac1 Na4 23. Rc7 Nc5 24. Rc1 Rfc8 25. Rxc8+ Rxc8 26. Kf3 Kf8 27.
Rc4 Nd3 28. Ke2 Rxc4 29. Bxc4 Nc5 30. Nc6 Nxe4 31. Nxb4 1/2-1/2

[Event "FIDE World Youth U16 Chess Olympiad SLOVAKIA 2016"]
[Site "Poprad Tatry SLOVAKIA"]
[Date "2016.07.27"]
[Round "6"]
[Board "4"]
[White "Gadimbayli, Abdulla"]
[Black "Gorodetzky, Matan"]
[Result "1-0"]
[WhiteElo "2316"]
[BlackElo "2127"]
[PlyCount "59"]
[EventDate "2016.07.22"]
[EventType "team"]
[EventRounds "9"]
[EventCountry "SVK"]
[WhiteTeam "Azerbaijan"]
[BlackTeam "Israel Rehovot Chess School"]

1. e4 e6 2. d4 d5 3. Nd2 Nf6 4. e5 Nfd7 5. Bd3 c5 6. c3 Nc6 7. Ne2 cxd4 8. cxd4
f6 9. exf6 Nxf6 10. Nf3 Bd6 11. O-O Qc7 12. Nc3 a6 13. Re1 O-O 14. h3 Bd7 15.
Bd2 Rae8 16. Rc1 Qb8 17. a3 e5 18. Nxd5 Nxd5 19. Bc4 Kh8 20. Bxd5 Nxd4 21. Ng5
Re7 22. Nxh7 Rf5 23. Ng5 g6 24. Be4 Qf8 25. Bxf5 Qxf5 26. Be3 Bc6 27. h4 Qd7
28. Bxd4 exd4 29. Qxd4+ Kg8 30. Qf6 1-0